| 000 | 005630000a22001810004500 | ||
|---|---|---|---|
| 003 | MACL | ||
| 005 | 20160501170507.0 | ||
| 008 | 160501b xxu||||| |||| 00| 0 eng d | ||
| 040 |
_aMACL _cMACL |
||
| 041 | _aHindi | ||
| 082 | _a800 NAN | ||
| 100 |
_aनंदा बलराम _954872 |
||
| 245 |
_aगॉधी और उनके आलोचक _cबलराम नंदा |
||
| 260 |
_bसारांश प्रकाशन _c1995 _aनई दिल्ली |
||
| 350 | _a175 | ||
| 650 |
_aLiterature _954873 |
||
| 942 |
_cHIN _k800/NAN/L _2ddc |
||
| 999 |
_c19443 _d19443 |
||